Êtes-vous rapide ? Test de rapidité 1=1 - Statistiques

Statistiques générales
  • Ce quiz a été pris 5 267 fois
  • Le résultat moyen est 9 sur 25
Statistiques - réponses
Hint Réponse % Correct
5 5
42%
14 14
39%
2 2
39%
20 20
39%
25 25
39%
17 17
38%
21 21
38%
3 3
38%
4 4
38%
7 7
38%
8 8
38%
9 9
38%
1 1
37%
10 10
37%
11 11
37%
13 13
37%
15 15
37%
22 22
37%
6 6
37%
12 12
36%
18 18
36%
23 23
36%
24 24
36%
16 16
35%
19 19
35%
Aucun quiz correspondant
Distribution des résultats
% des personnes avec chaque résultat
Percentile par nombre de réponses
Votre historique - résultats
Vous n’avez pas pris ce quiz